Memoria que presenta al Illmo. Sr. Director General de Agricultura, Industria y Comercio, el director de la Comisión Ejecutiva del Mapa Geológico de España, dando cuenta del estado de los trabajos y material de la Comisión en 1º de julio de 1874 / (Record no. 189613)

MARC details
000 -LEADER
campo de control de longitud fija 01305nam a2200229 i 4500
001 - NÚMERO DE CONTROL
campo de control 189613
003 - IDENTIFICADOR DE NÚMERO DE CONTROL
campo de control SpMaBN
005 - FECHA Y HORA DE LA ÚLTIMA TRANSACCIÓN
campo de control 20250902185530.0
008 - DATOS DE LONGITUD FIJA--INFORMACIÓN GENERAL
campo de control de longitud fija 190625s1876 sp |||| | spa d
080 ## - NÚMERO DE LA CLASIFICACIÓN DECIMAL UNIVERSAL
Número de la Clasificación Decimal Universal 528.94:550.8(460)(060.55)
110 2# - ENTRADA PRINCIPAL--NOMBRE DE ENTIDAD CORPORATIVA
Nombre de entidad corporativa o nombre de jurisdicción como elemento de entrada Comisión del Mapa Geológico de España.
9 (RLIN) 3030
245 10 - MENCIÓN DEL TÍTULO
Título Memoria que presenta al Illmo. Sr. Director General de Agricultura, Industria y Comercio, el director de la Comisión Ejecutiva del Mapa Geológico de España, dando cuenta del estado de los trabajos y material de la Comisión en 1º de julio de 1874 /
Mención de responsabilidad, etc. [Manuel Fernández de Castro].
260 ## - PUBLICACIÓN, DISTRIBUCIÓN, ETC.
Lugar de publicación, distribución, etc. Madrid :
Nombre del editor, distribuidor, etc. Imp. y Fundición de Manuel Tello,
Fecha de publicación, distribución, etc. 1876.
300 ## - DESCRIPCIÓN FÍSICA
Extensión 183 p. ;
Dimensiones 26 cm.
530 ## - NOTA DISPONIBLE DE FORMULARIO FÍSICO ADICIONAL
Nota de formato físico adicional disponible Disponible en formato digital.
594 ## - Nota al título y mención de responsabilidad
Nota al título y mención de responsabilidad Nombre del director de la Comisión, Manuel Fernández de Castro, en p. 174 y p. 181.
610 27 - PUNTO DE ACCESO ADICIONAL DE MATERIA--NOMBRE DE ENTIDAD CORPORATIVA
Nombre de entidad corporativa o nombre de jurisdicción como elemento de entrada Comisión del Mapa Geológico de España-
Subdivisión de forma Memorias.
9 (RLIN) 155974
700 1# - ENTRADA AGREGADA--NOMBRE PERSONAL
Nombre de persona Fernández de Castro, Manuel,
Fechas asociadas al nombre 1825-1895
9 (RLIN) 49645
852 4# - LOCALIZACIÓN
Ubicación ES-MaACL
Número de control de estantería L-32450(10)
Nota libre - Enc. cart.
-- - Enc. en un vol. facticio, con tít. en el lomo de: España, geología: memorias varias, 3
-- - Legado Federico de Botella y de Hornos
856 4# - LOCALIZACIÓN Y ACCESO ELECTRÓNICOS
Identificador Uniforme de Recursos <a href="http://bdh-rd.bne.es/viewer.vm?id=0000115264&page=1 ">http://bdh-rd.bne.es/viewer.vm?id=0000115264&page=1 </a>
Nota pública Biblioteca Digital Hispánica
Holdings
Estatus retirado Estado de pérdida Estado de daño No para préstamo Colección Biblioteca de origen Biblioteca actual Ubicación en estantería Fecha de adquisición Fuente de adquisición Total de préstamos Signatura topográfica completa Código de barras Visto por última vez Precio de reemplazo Tipo de ítem Koha
        Colección digital Biblioteca del Ateneo de Madrid Biblioteca del Ateneo de Madrid Depósito 2 25/06/2019     L-32450(10) 1200944 23/02/2023 23/02/2023 Libro impreso antiguo